Politika Spojených států amerických vůči Castrově Kubě
Vplyv medzinárodnej situácie a ideového zázemia toho či onoho prezidenta USA na politiku voči Kube. Historický pohľad na zahranično-politickú orientáciu Kuby pod vedením Castra. Formovanie americkej zahraničnej politiky. Postoj Busha ml. ku kubánskej otázke.
Gespeichert in:
| 1. Verfasser: | |
|---|---|
| Weitere Verfasser: | |
| Format: | Buchkapitel |
| Sprache: | Tschechisch |
| Schlagworte: | |
| Tags: |
Keine Tags, Fügen Sie das erste Tag hinzu!
|
MARC
| LEADER | 00000naa$a2200000$$$4500 | ||
|---|---|---|---|
| 001 | 0012490 | ||
| 005 | 20231016091237.8 | ||
| 041 | 0 | |a cze | |
| 044 | |a CZ | ||
| 245 | 1 | 0 | |a Politika Spojených států amerických vůči Castrově Kubě |c aut. Anton Sorokin, Jakub Hudák |
| 520 | |a Vplyv medzinárodnej situácie a ideového zázemia toho či onoho prezidenta USA na politiku voči Kube. Historický pohľad na zahranično-politickú orientáciu Kuby pod vedením Castra. Formovanie americkej zahraničnej politiky. Postoj Busha ml. ku kubánskej otázke. | ||
| 610 | 2 | 0 | |a politika zahraničná |
| 610 | 2 | 0 | |a Kuba |
| 610 | 2 | 0 | |a USA |
| 610 | 2 | 0 | |a história |
| 610 | 2 | 0 | |a vzťahy hospodárske medzinárodné |
| 610 | 2 | 0 | |a vzťahy politické medzinárodné |
| 100 | 1 | |a Sorokin, Anton | |
| 700 | 1 | |a Hudák, Jakub | |